Witamy w Bibliotece Naukowej Instytutu Łączności!

Mały słownik techniczny niemiecko-polski / (Rekord nr 7508)

000 -LEADER
fixed length control field 01435cam a2200421 i 4500
001 - CONTROL NUMBER
control field vtls000391700
003 - CONTROL NUMBER IDENTIFIER
control field NUKAT
005 - DATE AND TIME OF LATEST TRANSACTION
control field 20181105102253.0
008 - FIXED-LENGTH DATA ELEMENTS--GENERAL INFORMATION
fixed length control field 041202s1963 pl g |000 0 pol c
035 ## - SYSTEM CONTROL NUMBER
System control number zz2004957299
039 #9 - LEVEL OF BIBLIOGRAPHIC CONTROL AND CODING DETAIL [OBSOLETE]
Level of rules in bibliographic description 201808201138
Level of effort used to assign nonsubject heading access points buw96
Level of effort used to assign subject headings 201806040953
Level of effort used to assign classification kopwsddwp
Level of effort used to assign subject headings 201804170124
Level of effort used to assign classification VLOAD
Level of effort used to assign subject headings 201804161034
Level of effort used to assign classification fmim
040 ## - CATALOGING SOURCE
Original cataloging agency KR U/WS
Transcribing agency KR U/WS
Modifying agency KR U/ES
-- KR 93/BZs
-- GL 001/FAN
041 0# - LANGUAGE CODE
Language code of text/sound track or separate title pol
-- ger
245 00 - TITLE STATEMENT
Title Mały słownik techniczny niemiecko-polski /
Statement of responsibility, etc pod red. J. F. Drewnowskiego [ et. al.].
246 13 - VARYING FORM OF TITLE
Title proper/short title Kleines deutsch-polisches technisches Wörterbuch
260 ## - PUBLICATION, DISTRIBUTION, ETC. (IMPRINT)
Place of publication, distribution, etc Warszawa :
Name of publisher, distributor, etc Wydawnictwa Naukowo-Techniczne,
Date of publication, distribution, etc cop. 1963.
300 ## - PHYSICAL DESCRIPTION
Extent [8], 230, [1] s. ;
Dimensions 17 cm.
650 ## - SUBJECT ADDED ENTRY--TOPICAL TERM
Topical term or geographic name as entry element Technika
Form subdivision słowniki niemieckie.
650 ## - SUBJECT ADDED ENTRY--TOPICAL TERM
Topical term or geographic name as entry element Technika
Form subdivision słowniki polskie.
700 1# - ADDED ENTRY--PERSONAL NAME
Personal name Drewnowski, Jan Franciszek
Dates associated with a name (1896-1978).
Relator term Red.
710 2# - ADDED ENTRY--CORPORATE NAME
Corporate name or jurisdiction name as entry element Wydawnictwa Naukowo-Techniczne.
Relator code pbl
9 (RLIN) 19
982 ## - EQUIVALENCE OR CROSS-REFERENCE-SERIES STATEMENT--CONFERENCE OR MEETING NAME/TITLE [LOCAL, CANADA]
Meeting name or jurisdiction name as entry element BYDG_24
942 ## - ADDED ENTRY ELEMENTS (KOHA)
Source of classification or shelving scheme
Koha item type Książki
960 ## - PHYSICAL LOCATION (RLIN)
Physical location, PLOC (RLIN) GD_101 GD_U
967 ## - ADDITIONAL ESTC CODES (RLIN)
GNR (RLIN) LUBL_U
980 ## - EQUIVALENCE OR CROSS-REFERENCE-SERIES STATEMENT--PERSONAL NAME/TITLE [LOCAL, CANADA]
Personal name SZCZ_ZUT
Egzemplarze
Withdrawn status Lost status Source of classification or shelving scheme Damaged status Not for loan Permanent Location Current Location Shelving location Date acquired Inventory number Full call number Barcode Date last seen Price effective from Koha item type
          Instytut Łączności Instytut Łączności Magazyn 1964-05-27 17820 17820 17820 2022-12-02 2017-11-30 Książki

Działa dzięki Koha